Beat Brasilian Imperialism Arvaamalla Osvaltiot - Statistics

Yleistilastot
  • Tätä visaa on pelattu 6 kertaa
  • Keskiarvotulos 60 / 203
Vastaukset kartalla
Vastauksille on annettu kartalla punavihreä väri sen mukaan, kuinka moni on saanut sen oikein.
 
Vastaustilastot
Väestö (suhteellinen) miljoonina Estado % Oikein
1 Acre
50%
14 Bahia
50%
21 Minas Gerais
50%
8 Pará
50%
17 Rio de Janeiro
50%
46 São Paulo
50%
3 Alagoas
17%
1 Amapá
17%
4 Amazonas
17%
9 Ceará
17%
7 Goias
17%
3 Liittovaltion Piiri
17%
11 Parana
17%
3 Piauí
17%
4 Espírito Santo
0%
7 Maranhão
0%
3 Mato Grosso
0%
2 Mato Grosso do Sul
0%
4 Paraiba
0%
9 Pernambuco
0%
3 Rio Grande do Norte
0%
11 Rio Grande do Sul
0%
1 Rondônia
0%
1 Roraima
0%
7 Santa Catarina
0%
2 Sergipe
0%
1 Tocantins
0%
Ehtoja vastaavia visoja ei löytynyt
Tulosjakauma
Jokaisen tuloksen saaneiden osuus
Persentiili vastausten määrän mukaan
Tuloshistoriasi
Et ole pelannut tätä visaa